header

The city in late antiquity (Record no. 1656)

MARC details
000 -LEADER
fixed length control field 01203nam a2200301Ia 4500
245 04 - TITLE STATEMENT
Title The city in late antiquity
260 ## - PUBLICATION, DISTRIBUTION, ETC. (IMPRINT)
Place of publication London ;
-- New York :
Name of publisher Routledge,
Year of publication 1992.
300 ## - PHYSICAL DESCRIPTION
Number of Pages x, 204 p. :
Other physical details maps.
490 1# - SERIES STATEMENT
Series statement Leicester-Nottingham studies in ancient society ;
650 #0 - SUBJECT ADDED ENTRY--TOPICAL TERM
Topical Term Cities and towns
700 1# - ADDED ENTRY--PERSONAL NAME
Personal name Rich, John,
856 40 - ELECTRONIC LOCATION AND ACCESS
Uniform Resource Identifier http://site.ebrary.com/lib/rucke/Doc?id=5001948

No items available.

© 2026 Rongo University
Contact us: librarian | system librarian | Rongo university